000 01188nam0a2200349 4500
001 RU\NLR\BIBL_A\012179931
005 20200902102523.0
010 _a978-5-907207-38-7
_9116
021 _aRU
_bКН-П-19-094022
_9КН-П-19-6891
035 _a(NLR Aleph) 012179931
035 _a(RuMoRGB)010190605
090 _a12276190
_c12276190
100 _a20200116d2019 u y0rusy50 ca
101 1 _arus
102 _aRU
105 _ac|||z|||000zd
181 0 _ai
_baxxe
182 0 _an
200 1 _aВсе 24 часа
_fВ. И. Шалак
203 _aТекст
_bвизуальный
_cнепосредственный
210 _aСанкт-Петербург
_cЛюбавич
_d2019
215 _a182, [1] с.
_cпортр.
_d21
606 1 _aМолодежь
_xПатриотическое воспитание
_yРоссийская Федерация
_92092280
_3RU\NLR\AUTH\661266290
686 1 _aЦ4,6(2Р)915
686 2 _aШ6(2=Р)8-47
700 1 _aШалак
_bВ. И.
_gВасилий Иванович
942 _cBOOK
980 _aNBR
980 _aNB